Diagnóstico de los cálculos renales por los rayos Rontgen / (Record no. 153202)
[ view plain ]
| 000 -LEADER | |
|---|---|
| campo de control de longitud fija | 00830nam a2200181 i 4500 |
| 001 - NÚMERO DE CONTROL | |
| campo de control | 153202 |
| 003 - IDENTIFICADOR DE NÚMERO DE CONTROL | |
| campo de control | ES-MaACL |
| 005 - FECHA Y HORA DE LA ÚLTIMA TRANSACCIÓN | |
| campo de control | 20230906205053.0 |
| 008 - DATOS DE LONGITUD FIJA--INFORMACIÓN GENERAL | |
| campo de control de longitud fija | 041119s1900 sp |||| | spa d |
| 040 ## - FUENTE DE CATALOGACIÓN | |
| Centro catalogador/agencia de origen | CAM |
| Lengua de catalogación | spa |
| Centro/agencia transcriptor | CAM |
| 100 1# - ENTRADA PRINCIPAL--NOMBRE DE PERSONA | |
| Nombre de persona | Comas y Llabería, César. |
| 9 (RLIN) | 39955 |
| 245 10 - MENCIÓN DEL TÍTULO | |
| Título | Diagnóstico de los cálculos renales por los rayos Rontgen / |
| Mención de responsabilidad, etc. | por César Comas y Llabería y Agustín Prió y LLabería. |
| 260 ## - PUBLICACIÓN, DISTRIBUCIÓN, ETC. | |
| Lugar de publicación, distribución, etc. | Barcelona : |
| Nombre del editor, distribuidor, etc. | [s.n.], |
| Fecha de publicación, distribución, etc. | 1900 ( |
| Fabricante | Imp. de Henrich y Compañía, en comandita) |
| 300 ## - DESCRIPCIÓN FÍSICA | |
| Extensión | 24 p. ; |
| Dimensiones | 25 cm. |
| 500 ## - NOTA GENERAL | |
| Nota general | Trabajo publicado en la Revista de Ciencias Médicas de Barcelona, n. 15. |
| 650 #4 - PUNTO DE ACCESO ADICIONAL DE MATERIA--TÉRMINO DE MATERIA | |
| Término de materia o nombre geográfico como elemento de entrada | Riñones- |
| Subdivisión general | Enfermedades. |
| 9 (RLIN) | 16914 |
| 852 ## - LOCALIZACIÓN | |
| Ubicación | ES-MaACL |
| Número de control de estantería | T-1008-F-6 |
| Nota libre | -- Enc. hol. conservando la cub. original |
| -- | -- Ded. ms. de los autores a la Biblioteca del Ateneo |
| -- | -- Enc. en un vol. facticio |
| Estatus retirado | Estado de pérdida | Estado de daño | No para préstamo | Colección | Biblioteca de origen | Biblioteca actual | Ubicación en estantería | Fecha de adquisición | Total de préstamos | Signatura topográfica completa | Código de barras | Visto por última vez | Precio de reemplazo | Tipo de ítem Koha |
|---|---|---|---|---|---|---|---|---|---|---|---|---|---|---|
| Colección de folletos | Biblioteca del Ateneo de Madrid | Biblioteca del Ateneo de Madrid | Depósito folletos | 17/01/2008 | T-1008-F-6 | 1160084 | 23/02/2023 | 23/02/2023 | Folleto |
